Statystyki dla Odgadnij króla po opisie (dla Ignacego)

Kliknij tutaj aby rozwiązać quiz!

Ogólne statystyki

  • Ten quiz został rozwiązany 487 razy
  • Średni wynik to 6 z 9

Statystyki odpowiedzi

opisKról% Poprawnych
"Zastał Polskę drewnianą a zostawił murowaną"Kazimierz Wielki
98%
Pierwszy koronowany król PolskiBolesław Chrobry
96%
Elekcyjny król Polski syn kasztelana krakowskiego brał udział w walkach z kozakami. Dowodził armią w bitwie pod WiedniemJan III Sobieski
80%
Ostatni król Polski. Za jego rządów uchwalonno konstytucje 3 majaStanisław August Poniatowski
77%
gdy miał 7 lat zginał jego ojciec. Król Polski w latach 1320-1333. Zjednoczył Polskie ziemie po rozbiciu dzielnicowymWładysław Łokietek
76%
Książe siedmiogrodzki. Mąż Anny Jagielonki. Zwyciężył nad Iwanem IV groźnymStefan Batory
64%
Król z dynastii Wazów syn Jana III Wazy. Za jego panowania Rzeczpospolita miała najwieksze rozmiary w historiiZygmunt III Waza
36%
Panował w latach 1733-1763. Objął tron zamiast Stanisława LeszczynskiegoAugust III Sas
21%
Pierwszy elekcyjny król Polski i wielki książe LitewskiHenryk III Walezy
8%

Rozkład punktacji

Percentyl według liczby udzielonych odpowiedzi

Procent ludzi z każdym wynikiem

Twoja historia wyników

Nie rozwiązałeś tego quizu